00607nam a2200157 a 450000100100000000500170001000800410002704000250006808200230009324500790011626000540019530000220024950000480027195201130031999900170043200004512020201002045908.0150203s2010 dr 000 0 spa d aDO-SdBNPbspacBNPHU axxxxxxxxcxxxxxxxx03aLa Nueva Constitución Dominicana :bavances y desafios para las mujeres. aSanto Domingo :bMinisterio de la mujer ;,c2010. a14 p. : ;c22 cm. a¡Trabajando por la igualdad y la equidad ! 0010718PDaPDbPDcHDd2015-02-03iLF1l0oxxxxxxxx p45120-10r2020-06-25w2020-06-25yLFPDZNo se presta c44609d44609